000 01436cam a2200373 a 4500
003 CHAP
005 20220329142121.0
008 990812d1994 mx r 00110 spa d
010 _a78688
011 _a79660
020 _a9706204504
035 _a90044
040 _cCHAP
082 0 4 _a193
_bF3
100 0 0 _aFarfán Hernández, Rafael,
_ecoord.
_939746
245 1 3 _aEl pensamiento austriaco en el exilio :
_beconomía, política y filosofía en Hayek, Von-Mises, Schumpeter y Popper
_c/coord. por Rafael Farfán Hernández y Jorge Velázquez Delgado
260 _aMéxico, D.F :
_bUniversidad Autónoma Metropolitana. Unidad Azcapotzalco. División de Ciencias Sociales y Humanidades,
_c1994.
300 _a231 p.
590 _aBATCH-UPD
_b10
_c20130110
_lUCH01
_h0435
590 _aBATCH-UPD
_b10
_c20130110
_lUCH01
_h2138
590 _aBATCH-UPD
_b10
_c20130410
_lUCH01
_h0111
590 _aBATCH-UPD
_b10
_c20130914
_lUCH01
_h1352
590 _aCONVERSION
_b10
_c20130109
_lUCH01
_h1344
650 1 4 _aFilosofía alemana.
_940897
650 1 4 _aFilosofía austriaca.
_940899
650 1 4 _aFilosofía política.
_940913
650 1 4 _aMarxismo.
_972728
700 0 _aVelázquez Delgado, Jorge
_ecoord.
_9118527
901 _aBK
905 _aBlanca M. García O.
942 _cLIBRO
949 _a193 F3
_bBC
_cLIBRO
_d33724000736328
_eLIBRO
_fc.2
_h96113
_i90044
_sb
949 _a193 F3
_bBC
_cLIBRO
_d33724000736336
_eLIBRO
_h96112
_i90044
_sb
999 _c78688
_d78688